00229nam a2200085Ia 4500008004100000100002200041245003800063260003300101260000900134170620s9999 xx 000 0 und d aBrennan- James F. 0aHistory and Systems of Psychology bNew Delhi- Pearson Education c2008